[Event "Porlamar Margarita"]
[Site "Porlamar"]
[Date "2018.03.09"]
[Round "5"]
[White "De Los Santos, Jennibet"]
[Black "Descarrega Zacarias, Vanessa"]
[Result "1-0"]
[WhiteElo "1907"]
[BlackElo "1939"]
[PlyCount "59"]
[EventDate "2018.03.07"]
[EventType "tourn"]
[EventRounds "9"]
[EventCountry "VEN"]
[SourceTitle "EXT 2019"]
[Source "ChessBase"]
[SourceDate "2018.10.10"]
[SourceVersion "1"]
[SourceVersionDate "2018.10.10"]
[SourceQuality "1"]

1. e4 c5 2. c3 Nf6 3. e5 Nd5 4. d4 cxd4 5. cxd4 e6 6. Nf3 Be7 7. a3 Qc7 8. Bd3 d6 9. 0-0 0-0 10. Qe2 Nd7 11. Qe4 f5 12. exf6 N7xf6 13. Qh4 Bd7 14. Bg5 h6 15. Bxf6 Bxf6 16. Qe4 Ne7 17. Nc3 a6 18. Rac1 Qb6 19. b4 Rac8 20. Ne2 Rxc1 21. Rxc1 Rc8 22. Re1 Nf5 23. d5 e5 24. Qg4 e4 25. Qxe4 Ne7 26. Qh7+ Kf7 27. Nf4 Rc3 28. Ng6 Ng8 29. Nh8+ Kf8 30. Qg6 1-0

[Event "VEN-ch (Women)"]
[Site "Santo Domingo"]
[Date "2018.01.13"]
[Round "8"]
[White "Descarrega Zacarias, Vanessa"]
[Black "De Los Santos, Jennibet"]
[Result "0-1"]
[WhiteElo "1785"]
[BlackElo "1925"]
[PlyCount "78"]
[EventDate "2018.01.09"]
[EventType "tourn"]
[EventRounds "11"]
[EventCountry "VEN"]
[SourceTitle "CBM 182 Extra"]
[Source "ChessBase"]
[SourceDate "2018.02.23"]
[SourceVersion "1"]
[SourceVersionDate "2018.02.23"]
[SourceQuality "1"]

1. e4 c5 2. Nf3 d6 3. d4 cxd4 4. Nxd4 Nf6 5. Nc3 a6 6. Bg5 e6 7. f4 Be7 8. Qe2 h6 9. Bh4 Nxe4 10. Bxe7 Nxc3 11. Qg4 Kxe7 12. bxc3 g6 13. Bd3 Nd7 14. 0-0 Nf6 15. Qf3 Qb6 16. Rab1 Qc5 17. Kh1 Qd5 18. Qe2 Kf8 19. Rfe1 Qh5 20. Qf2 Kg7 21. Be2 Qa5 22. Bf3 Qxc3 23. Bxb7 Rb8 24. Bf3 Bd7 25. Rb3 Rxb3 26. axb3 Rc8 27. Bb7 Rb8 28. Bxa6 Ra8 29. Bd3 Ng4 30. Qg1 Qd2 31. Ne2 Bc6 32. Rf1 Qe3 33. Nd4 Bb7 34. Nf3 Qxf4 35. h3 Ne3 36. Rf2 Qg3 37. Rd2 Bxf3 38. gxf3 Qxh3+ 39. Qh2 Ra1+ 0-1

[Event "VEN-ch (Women)"]
[Site "Santo Domingo"]
[Date "2018.01.10"]
[Round "3"]
[White "De Los Santos, Jennibet"]
[Black "Luces Camargo, Rosselys Alejandra"]
[Result "1-0"]
[WhiteElo "1925"]
[BlackElo "1882"]
[PlyCount "84"]
[EventDate "2018.01.09"]
[EventType "tourn"]
[EventRounds "11"]
[EventCountry "VEN"]
[SourceTitle "CBM 182 Extra"]
[Source "ChessBase"]
[SourceDate "2018.02.23"]
[SourceVersion "1"]
[SourceVersionDate "2018.02.23"]
[SourceQuality "1"]

1. e4 e5 2. Nf3 Nc6 3. Bb5 Nf6 4. 0-0 a6 5. Ba4 b5 6. Bb3 Bc5 7. d3 d6 8. h3 Be6 9. Bxe6 fxe6 10. c3 Ba7 11. Bg5 0-0 12. a4 b4 13. Qb3 Qd7 14. cxb4 Rab8 15. b5 Nd4 16. Nxd4 Bxd4 17. Nc3 axb5 18. a5 c6 19. Ne2 Bc5 20. Ng3 d5 21. Qc2 Bd4 22. Ne2 Ba7 23. b4 Qd6 24. Bd2 Rbc8 25. Ng3 c5 26. bxc5 Bxc5 27. Qa2 Qa6 28. Bg5 Rcd8 29. Qb3 Bd4 30. Ra2 Rc8 31. Bd2 Rf7 32. Kh2 Rb7 33. Bb4 Rbc7 34. Bd2 Nd7 35. f4 Nc5 36. Qb1 exf4 37. Bxf4 e5 38. Bd2 dxe4 39. dxe4 Kh8 40. Rc2 h6 41. Qa2 Ne6 42. Qb1 Qb7 1-0

[Event "Valencia Martis Cup (Women) 1st"]
[Site "Valencia"]
[Date "2017.12.07"]
[Round "5"]
[White "De Los Santos, Jennibet"]
[Black "Lora, Joel Fernando"]
[Result "0-1"]
[WhiteElo "1959"]
[BlackElo "2206"]
[PlyCount "130"]
[EventDate "2017.12.05"]
[EventType "tourn"]
[EventRounds "9"]
[EventCountry "VEN"]
[SourceTitle "CBM 182 Extra"]
[Source "ChessBase"]
[SourceDate "2018.02.23"]
[SourceVersion "1"]
[SourceVersionDate "2018.02.23"]
[SourceQuality "1"]

1. e4 e5 2. Nf3 Nc6 3. Bb5 a6 4. Ba4 Nf6 5. 0-0 Be7 6. d3 b5 7. Bb3 d6 8. h3 Na5 9. Nbd2 Nxb3 10. axb3 c5 11. c3 Bb7 12. Re1 0-0 13. c4 Ne8 14. Nf1 f5 15. g4 f4 16. Kg2 b4 17. N1d2 Nc7 18. Rh1 Ne6 19. h4 Qd7 20. Kf1 a5 21. g5 Bc8 22. Ke1 g6 23. Qe2 Ng7 24. Qf1 Nh5 25. Qg2 Rf7 26. Rg1 Qh3 27. Qxh3 Bxh3 28. Nh2 Be6 29. Ndf3 Bf8 30. Ke2 Rfa7 31. Bd2 a4 32. bxa4 Rxa4 33. Rab1 Ra2 34. Rgc1 Bd7 35. Be1 Ng7 36. Kf1 Bh3+ 37. Kg1 Ne6 38. Bd2 Be7 39. Kh1 Nd8 40. Rg1 Be6 41. Kg2 Nc6 42. Rge1 Na5 43. Red1 Nb3 44. Be1 Kg7 45. Nd2 Nxd2 46. Bxd2 h6 47. Nf3 Bg4 48. Rg1 Rh8 49. gxh6+ Rxh6 50. Rh1 Bxf3+ 51. Kxf3 Bxh4 52. d4 g5 53. d5 Kg6 54. Be1 Kh5 55. Kg2 g4 56. f3 Kg5 57. Bd2 Ra7 58. Rbg1 Rah7 59. Rd1 Bg3 60. Rxh6 Rxh6 61. fxg4 Rh2+ 62. Kg1 Kxg4 63. Bxb4 cxb4 64. c5 f3 65. cxd6 f2+ 0-1